000 00692nam a22002177a 4500
003 UA-OsUOA
001 137567
007 ta
008 20190603b un ||||| |||| 00| 0 ukr d
100 _aЖулинський М.
090 _a82
_bЖ87
942 _cSA
040 _aUA-OsUOA
_bukr
_cUA-OsUOA
_dUA-OsUOA
245 _aЗгадати - щоб попередити. Некритичні роздуми про книжку Володимира Горбуліна "Мой путь в зазеркалье"
300 _aС. 6-7
955 _a0
041 _aukr
080 _a82
773 0 _w137566
650 7 _a82 Література. Літературознавство
_2UDC
999 _c416620
_d416620